000 00845nam a2200217 a 4500
001 BRCA_8855
005 20190320210433.0
008 160517s1824----sp-#######---#000-0#spa-#
041 _aspa
044 _asp
084 _aBE239
_b.I85 1824
100 1 _aIsla, José Francisco de
_etr.
_922052
245 1 0 _aCompendio de la historia de España
_ctraducido á nuestra lengua por el P. Jose Francisco de Isla, puesto en forma de diálogo para más cómoda instrucción de la juventud; para el uso de los discípulos de las escuelas pias.
260 _aMadrid
_bImprenta de Doña Rosa Sanz
_c1824
300 _a95 p.
_c14.5 x 9.8 cm.
500 _aCon licencia en Madrid
500 _aEstado físico: presenta encuadernación en pergamino con presencia del pez de plata
650 1 4 _aHistoria
_zEspaña
_922053
902 _aCFM
942 _2lcc
_cB
999 _c8506
_d8506